Concepts, ontologies, and knowledge representation

Αποθηκεύτηκε σε:
Λεπτομέρειες βιβλιογραφικής εγγραφής
Κύριος συγγραφέας: Jakus, Grega
Μορφή: Βιβλίο
Έκδοση: springer
Ετικέτες: Προσθήκη ετικέτας
Δεν υπάρχουν, Καταχωρήστε ετικέτα πρώτοι!

MARC

LEADER 00000nam a2200000Ia 4500
005 20260515061616.0
100 |a Jakus, Grega. 
020 |a 9781461478218 
942 |c BK 
245 |a Concepts, ontologies, and knowledge representation  
260 |b springer 
999 |c 42  |d 42 
952 |0 0  |1 0  |4 0  |7 0  |a ABDN  |b ABDN  |d 2026-05-15  |l 0  |p 000091  |r 2026-05-15 06:16:16  |w 2026-05-15  |y BK